[Event "Cto Equipos Aragon 2012 Div. Honor A "]
[Site "Aragon"]
[Date "2012.02.25"]
[Round "4.16"]
[White "Gonzalez Gambau Jorge"]
[Black "Hernando Garcia Antonio"]
[Result "1-0"]
[WhiteElo "2097"]
[BlackElo "2219"]

1.e4 d5 2.exd5 Qxd5 3.Nc3 Qd8 4.d4 c6 5.Bc4 Bf5 6.Nge2 e6 7.Ng3 Bg6 8.O-O Bd6
9.f4 Ne7 10.Nce4 O-O 11.c3 Bc7 12.Nc5 b5 13.Bd3 Bxd3 14.Qxd3 Nd7 15.Nge4 Nxc5
16.Nxc5 g6 17.g4 Bb6 18.Ne4 f6 19.g5 Nd5 20.gxf6 Nxf6 21.Ng5 Qd5 22.Re1 Qf5
23.Qf3 c5 24.Re5 Qc2 25.Nxe6 cxd4 26.cxd4 Rfe8 27.f5 gxf5 28.Be3 Ng4 29.Rxf5
Qxh2+ 30.Kf1 Nxe3+ 31.Qxe3 Qh1+ 32.Ke2 Qh2+ 33.Kd3 h6 34.Rg1+ Kh8 35.Rg6 Rxe6
36.Rxe6 1-0

[Event "Cto Equipos Aragon 2012 Div. Honor B "]
[Site "Aragon"]
[Date "2012.02.25"]
[Round "4.17"]
[White "Garza Marco Sergio"]
[Black "Villuendas Valero Adrian"]
[Result "1-0"]
[WhiteElo "2394"]
[BlackElo "2287"]

1.d4 d5 2.c4 dxc4 3.e4 e5 4.Nf3 exd4 5.Bxc4 Nc6 6.O-O Be6 7.Bb5 Bc5 8.b4 Bb6
9.a4 a6 10.Bxc6+ bxc6 11.Bb2 Bg4 12.a5 Ba7 13.Nbd2 Ne7 14.h3 Bh5 15.Qc2 O-O
16.Qc4 Qb8 17.Bxd4 Qb5 18.Qc3 f6 19.Bxa7 Rxa7 20.Nd4 Qb8 21.N2b3 Rd8 22.Qc5
1-0

[Event "Cto Equipos Aragon 2012 Div. Honor B "]
[Site "Aragon"]
[Date "2012.02.25"]
[Round "4.18"]
[White "Colom Sienes Eduardo"]
[Black "Fontana Sotomayor Luis Javier"]
[Result "0-1"]
[WhiteElo "2032"]
[BlackElo "2345"]

1.e4 Nf6 2.e5 Nd5 3.Nc3 e6 4.Nxd5 exd5 5.f4 d6 6.Nf3 dxe5 7.fxe5 c5 8.c3 Nc6
9.d4 cxd4 10.cxd4 Bg4 11.Bd2 Bxf3 12.Qxf3 Qh4+ 13.g3 Qxd4 14.O-O-O Qc5+ 15.Kb1
Be7 16.Rc1 Qb6 17.e6 O-O 18.Bd3 Bf6 19.exf7+ Rxf7 20.b3 Ne5 21.Qe2 Re7 22.Bc3
Rd8 23.Bxe5 Rxe5 24.Qc2 Re3 25.Rhd1 Kh8 26.Qc5 Qe6 27.Qc7 g6 28.Qf4 Qe5 29.
Qxe5 Bxe5 30.Rc5 Kg7 31.h4 Bxg3 32.h5 b6 33.Rc6 gxh5 34.Bc4 d4 35.Rg1 Rd7 36.
Kc2 h4 37.Rc8 d3+ 38.Kd2 Re2+ 39.Kc3 Rc2+ 40.Kb4 Kh6 41.Rf1 Rf2 42.Re1 Rf6 43.
Rd1 d2 44.a4 Be1 45.Re8 Rd4 46.Re3 Rdf4 47.Re7 h3 48.Re3 h2 49.Rh3+ Rh4 50.
Rxh4+ Bxh4 51.Rh1 Be1 52.Rxh2+ Kg7 53.Rg2+ Rg6 0-1

[Event "Cto Equipos Aragon 2012 Div. Honor B "]
[Site "Aragon"]
[Date "2012.02.25"]
[Round "4.19"]
[White "Ramiro Ovejero Juan Luis"]
[Black "Sanmartin Agustin Alvaro"]
[Result "1-0"]
[WhiteElo "2303"]
[BlackElo "2026"]

1.e4 c5 2.Nf3 e6 3.b3 Nc6 4.Bb2 a6 5.Bd3 Nb4 6.Be2 d5 7.exd5 Nxd5 8.Ne5 Ngf6
9.O-O Bd6 10.Bf3 Qc7 11.Re1 O-O 12.Na3 Nd7 13.Nac4 Nxe5 14.Bxe5 Bxe5 15.Nxe5
Ne7 16.Be4 f6 17.Nc4 e5 18.Qf3 Kh8 19.Nxe5 Qxe5 20.Bxb7 Bxb7 21.Qxb7 Qb2 22.
Qxe7 Qxc2 23.Rec1 Qxd2 24.Qxc5 Rfd8 25.Qc2 Rd3 26.g3 h6 27.Qxd2 Rxd2 28.Rc3
Re8 29.a4 Rb2 30.Rd1 Re6 31.h4 Kh7 32.Rd4 Ree2 33.Rf3 Rb1+ 34.Kg2 Re6 35.Rc3
Rb6 36.Rd7 f5 37.h5 Rb4 38.Rc8 f4 39.Rdd8 1-0

[Event "Cto Equipos Aragon 2012 Div. Honor B "]
[Site "Aragon"]
[Date "2012.02.25"]
[Round "4.20"]
[White "Sacristan Latorre Alberto"]
[Black "Maza Broto Pablo"]
[Result "1/2-1/2"]
[WhiteElo "1989"]
[BlackElo "2084"]

1.e4 c5 2.Nf3 a6 3.c3 e6 4.d4 d5 5.e5 Nc6 6.a3 f5 7.b4 cxb4 8.cxb4 Nh6 9.Bxh6
gxh6 10.Nc3 Bd7 11.Bd3 Rc8 12.Ne2 Bg7 13.Nf4 O-O 14.Qd2 Qb6 15.Be2 Ne7 16.O-O
Bb5 17.Rfc1 Bxe2 18.Qxe2 Ng6 19.Nd3 Qb5 20.Qd2 b6 21.Rc3 Ne7 22.Rac1 Rc4 23.
Nb2 Rxc3 24.Rxc3 Rc8 25.Rxc8+ Nxc8 26.Qc3 Qd7 27.a4 Na7 28.Kf1 Qc6 29.Qxc6
Nxc6 30.b5 axb5 31.axb5 Nxd4 32.Nxd4 Bxe5 33.Nxe6 Bxb2 34.Nc7 Kf7 35.Nxd5 Bd4
36.Ke2 Ke6 37.Ne3 f4 38.Nc2 Bc5 39.f3 Kd5 40.Kd3 Bg1 41.h3 Kc5 42.Ke4 Kxb5 43.
Kxf4 Kc4 44.Ke4 Bc5 45.Ne1 b5 46.Nd3 Be7 47.f4 b4 48.Nxb4 Bxb4 49.f5 Bc3 50.g4
Bf6 51.h4 Kc5 52.g5 hxg5 53.hxg5 Bxg5 54.f6 Bxf6 55.Kf3 Kd5 56.Kg2 Ke4 57.Kh1
Kf3 58.Kg1 Kg3 59.Kh1 Bd4 1/2-1/2

[Event "Cto Equipos Aragon 2012 Div. Honor B "]
[Site "Aragon"]
[Date "2012.02.25"]
[Round "4.22"]
[White "Del Corral Abancens Alfonso"]
[Black "Gimenez Martinez Alberto"]
[Result "0-1"]
[WhiteElo "1935"]
[BlackElo "2170"]

1.e4 c5 2.d4 cxd4 3.c3 dxc3 4.Nxc3 d6 5.Bc4 e6 6.Nf3 Be7 7.O-O a6 8.Qe2 b5 9.
Bb3 Nd7 10.Rd1 Bb7 11.Bf4 e5 12.Bxe5 dxe5 13.Nxe5 Nxe5 14.Rxd8+ Rxd8 15.Nxb5
Nf6 16.Nc7+ Kf8 17.Nd5 Nxd5 18.exd5 Bd6 19.Qh5 h6 20.Rd1 g6 21.Qh4 Kg7 22.f4
Nd7 23.f5 g5 24.Qh3 Rhe8 25.Qc3+ Kg8 26.Ba4 Re4 27.Bxd7 Rxd7 28.Re1 Bb4 29.
Rxe4 Bxc3 30.bxc3 Bxd5 31.Rd4 Bc6 32.Rc4 Rd6 33.h4 Kg7 34.hxg5 hxg5 35.a4 Kf6
36.g4 Ke5 37.Kf2 Bd5 38.Rd4 Rc6 39.Rd3 Rc4 40.Re3+ Re4 41.Kf3 Rxe3+ 42.Kxe3 a5
0-1

[Event "Cto Equipos Aragon 2012 Div. Honor B "]
[Site "Aragon"]
[Date "2012.02.25"]
[Round "4.23"]
[White "Labena Bernal Antonio"]
[Black "Munoz Bornao Miguel Angel"]
[Result "1-0"]
[WhiteElo "2095"]
[BlackElo "1788"]

1.e4 c5 2.c3 d5 3.exd5 Qxd5 4.d4 e6 5.Na3 Nf6 6.Nb5 Na6 7.Be3 cxd4 8.Qxd4 Be7
9.Qxd5 Nxd5 10.Bxa7 O-O 11.Bd4 Bd7 12.Nf3 Bc6 13.a4 Nc5 14.Bxc5 Bxc5 15.Ne5
Rfd8 16.Nd3 Be7 17.Ne5 Bf6 18.Ng4 Be7 19.Ne5 Bf6 20.Ng4 Be7 21.Rg1 g6 22.g3 h5
23.Ne5 Bc5 24.Be2 Nf6 25.b4 Be7 26.Nxc6 bxc6 27.Nd4 Rd6 28.Bf3 Nd5 29.Bxd5
exd5 30.Kd2 c5 31.bxc5 Rf6 32.f4 Bxc5 33.Ra2 g5 34.Rf1 gxf4 35.Rxf4 Rxf4 36.
gxf4 Bd6 37.Ne2 Kg7 38.Ke3 Bc5+ 39.Nd4 Kf6 40.a5 Ra6 41.Kf3 Ba7 42.Nc2 Rc6 43.
Ra3 Kf5 44.a6 Rc4 45.Ne3+ Bxe3 46.Kxe3 Rc8 47.a7 Ra8 48.Kd4 Kxf4 49.Kxd5 f5
50.c4 Kg4 51.Kc6 f4 52.Kb7 Rxa7+ 53.Kxa7 f3 54.c5 f2 55.Ra1 Kh3 56.c6 Kxh2 57.
c7 Kg2 58.c8=Q h4 59.Qc6+ Kg3 60.Qg6+ Kf3 61.Ra3+ Ke2 62.Qe4+ Kd2 63.Rd3+ 1-0

[Event "Cto Equipos Aragon 2012 Div. Honor B "]
[Site "Aragon"]
[Date "2012.02.25"]
[Round "4.24"]
[White "Santos Hernandez Higinio"]
[Black "Arregui Untoria Carlos"]
[Result "0-1"]
[WhiteElo "1616"]
[BlackElo "2080"]

1.d4 Nf6 2.Nf3 e6 3.Bg5 c5 4.e3 h6 5.Bh4 Nc6 6.Nbd2 Be7 7.c3 b6 8.Bd3 Bb7 9.
O-O g5 10.Bg3 Nh5 11.Be5 Rg8 12.Bh7 Nxe5 13.Nxe5 Rg7 14.Qxh5 Rxh7 15.Ndf3 d6
16.Nc4 Qc7 17.dxc5 Qxc5 18.Ncd2 O-O-O 19.b4 Qc6 20.a4 Rg8 21.b5 Qc5 22.Nb3 Qc7
23.Nbd4 g4 24.Nd2 Rg5 25.Qh4 h5 26.f4 gxf3 27.g3 Rg6 28.Qh3 h4 29.N2xf3 Rhh6
30.g4 f5 31.Nxe6 Rxe6 32.gxf5 Ref6 33.Qg4 Kb8 34.c4 Qc5 35.Nd4 Qxc4 36.Rac1
Qd5 37.Nf3 Qxf5 38.Qc4 Rhg6+ 39.Kf2 Qxf3+ 40.Ke1 Qxe3+ 41.Kd1 Rxf1+ 42.Qxf1
Rg1 0-1

[Event "Cto Equipos Aragon 2012 Div. Honor B "]
[Site "Aragon"]
[Date "2012.02.25"]
[Round "4.25"]
[White "Forcen Esteban Daniel"]
[Black "Romon Poves Raul"]
[Result "1-0"]
[WhiteElo "2428"]
[BlackElo "2296"]

1.e4 e6 2.d4 d5 3.Nd2 Nf6 4.e5 Nfd7 5.Bd3 c5 6.c3 Nc6 7.Ne2 cxd4 8.cxd4 f6 9.
exf6 Nxf6 10.O-O Bd6 11.Nf3 Qc7 12.Nc3 a6 13.Bg5 O-O 14.Rc1 Bd7 15.Bb1 Rac8
16.Qd3 Nb4 17.Qd2 Nc6 18.Rfe1 Ng4 19.h3 Nf6 20.Ne5 Rce8 21.Qd3 Bc8 22.Ng4 Nb4
23.Qd2 Nxg4 24.hxg4 Bh2+ 25.Kh1 Bf4 26.Bxf4 Qxf4 27.Qxf4 Rxf4 28.a3 Nc6 29.
Nxd5 Rxf2 30.Nb6 Rxb2 31.Nc4 Rf2 32.d5 Ne7 33.dxe6 Rd8 34.Nb6 Rdd2 35.Nxc8
Rxg2 36.Nxe7+ Kf8 37.Ng6+ 1-0

[Event "Cto Equipos Aragon 2012 Div. Honor B "]
[Site "Aragon"]
[Date "2012.02.25"]
[Round "4.26"]
[White "Carraminana Lopez Luis Antonio"]
[Black "Baron Rodriguez Jesus"]
[Result "0-1"]
[WhiteElo "2047"]
[BlackElo "2449"]

1.e4 e5 2.Nf3 Nc6 3.Nc3 Nf6 4.d4 exd4 5.Nd5 Nxd5 6.exd5 Nb4 7.Bc4 d3 8.O-O Be7
9.c3 Na6 10.d6 cxd6 11.Nd4 O-O 12.Qg4 Bf6 13.Nf5 d5 14.Bxd5 d6 15.Qf3 Nc5 16.
Be3 Be6 17.Rad1 Qd7 18.Nd4 Bg4 19.Qg3 Bxd1 20.Rxd1 a5 21.b4 axb4 22.cxb4 Qa4
23.Rb1 d2 24.Qg4 Nd3 25.Nf5 Ne5 26.Qe2 Qc2 0-1

[Event "Cto Equipos Aragon 2012 Div. Honor B "]
[Site "Aragon"]
[Date "2012.02.25"]
[Round "4.27"]
[White "Baron Rodriguez Jorge"]
[Black "Galvez Perez Jose Luis"]
[Result "0-1"]
[WhiteElo "2283"]
[BlackElo "1979"]

1.d4 g6 2.c4 Bg7 3.Nf3 c5 4.d5 d6 5.e4 e6 6.h3 exd5 7.cxd5 a6 8.a4 Ne7 9.Nc3
O-O 10.Bd3 f5 11.O-O fxe4 12.Bxe4 Bf5 13.Qb3 Qc8 14.Ng5 Nd7 15.Re1 c4 16.Qa3
Nc5 17.Bxf5 Nxf5 18.Ne6 Re8 19.Bf4 Nxe6 20.dxe6 Rxe6 21.g4 Nd4 22.Rxe6 Qxe6
23.Qxd6 Qxd6 24.Bxd6 Rd8 25.Bf4 b5 26.axb5 axb5 27.Kf1 b4 28.Ne4 Nc2 29.Ra7 h6
30.Bxh6 Rd1+ 31.Kg2 Bxh6 32.Nf6+ Kf8 33.g5 Ne1+ 34.Kg3 Bxg5 35.Nh7+ Ke8 36.
Nxg5 c3 0-1

[Event "Cto Equipos Aragon 2012 Div. Honor B "]
[Site "Aragon"]
[Date "2012.02.25"]
[Round "4.28"]
[White "Garcia Lopez Alberto Jose"]
[Black "Castillo Sanjuan Daniel"]
[Result "0-1"]
[WhiteElo "1943"]
[BlackElo "2019"]

1.Nf3 Nf6 2.c4 d6 3.Nc3 g6 4.d4 Bg7 5.e4 O-O 6.Bg5 c6 7.Qd2 Qb6 8.O-O-O Bg4 9.
Be2 Nbd7 10.h3 Bxf3 11.Bxf3 c5 12.d5 Qb4 13.Be2 a6 14.Bh6 Bxh6 15.Qxh6 Ne5 16.
h4 Nxc4 17.Bxc4 Qxc4 18.h5 b5 19.hxg6 fxg6 20.g4 Rf7 21.Rh4 b4 22.g5 bxc3 23.
gxf6 cxb2+ 24.Kb1 exf6 25.e5 Qe2 26.Rg1 Qd3+ 0-1

[Event "Cto Equipos Aragon 2012 Div. Honor B "]
[Site "Aragon"]
[Date "2012.02.25"]
[Round "4.29"]
[White "Martinez Catalan Fco  Javier"]
[Black "Trigo Conde Isaac"]
[Result "1/2-1/2"]
[WhiteElo "2245"]
[BlackElo "2273"]

1.d4 Nf6 2.Nf3 g6 3.Nc3 d5 4.Bf4 Bg7 5.e3 O-O 6.Be2 c5 7.Ne5 Nc6 8.O-O cxd4 9.
exd4 Qb6 10.Nxc6 Qxc6 11.Bb5 Qb6 12.a4 Qa5 13.Qd2 a6 14.Be2 Be6 15.Bf3 Rfd8
16.Rfe1 Rac8 17.Ra3 Rd7 18.h3 Rc4 19.Be5 Qd8 20.Qe2 Qc8 21.Rb3 Ne4 22.Bxg7
Kxg7 23.Bxe4 dxe4 24.Qxe4 Rcxd4 25.Qe5+ Kg8 26.Rb6 R7d6 27.Rxd6 Rxd6 28.Re2
Qc4 29.Re4 Qc6 30.Re2 Rd8 31.Re3 Qd6 32.Qe4 Qb6 33.b3 Rd4 34.Qe5 Qd6 35.Qxd6
Rxd6 36.Ne4 Rd1+ 37.Kh2 Bf5 38.g4 Bxe4 39.Rxe4 1/2-1/2

[Event "Cto Equipos Aragon 2012 Div. Honor B "]
[Site "Aragon"]
[Date "2012.02.25"]
[Round "4.30"]
[White "Cabrera Moreno Daniel"]
[Black "Valles Mata David"]
[Result "1/2-1/2"]
[WhiteElo "2191"]
[BlackElo "2184"]

1.d4 Nf6 2.Bg5 e6 3.e3 h6 4.Bh4 c5 5.c3 b6 6.Nd2 Be7 7.Bxf6 gxf6 8.Ngf3 Bb7 9.
Bd3 Nc6 10.Qe2 Qc7 11.O-O-O cxd4 12.exd4 d5 13.Kb1 O-O-O 14.Rhe1 Kb8 15.g3 Rc8
16.Nh4 h5 17.f4 f5 18.Ndf3 Bf6 19.Rc1 Na5 20.b3 Qd6 21.Qb2 Rc7 22.Rc2 a6 23.a4
Ka7 24.Qa2 Rhc8 25.Rec1 Nc6 26.Ng2 Ne7 27.Ne5 Ng6 28.h4 Bxe5 29.fxe5 Qe7 30.
Kb2 f6 31.exf6 Qxf6 32.Re1 a5 33.Qa1 Ba6 34.Bxa6 Kxa6 35.Qd1 Rh8 36.Qd3+
1/2-1/2

[Event "Cto Equipos Aragon 2012 Div. Honor B "]
[Site "Aragon"]
[Date "2012.02.25"]
[Round "4.31"]
[White "Solano Lasierra Javier"]
[Black "Garcia Vicente Nieves"]
[Result "1/2-1/2"]
[WhiteElo "2172"]
[BlackElo "2198"]

1.d4 Nf6 2.c4 e6 3.Nc3 Bb4 4.Bg5 h6 5.Bxf6 Bxc3+ 6.bxc3 Qxf6 7.Nf3 d6 8.e3 O-O
9.Be2 b6 10.O-O Bb7 11.Nd2 e5 12.Bf3 Bxf3 13.Nxf3 Nd7 14.Qa4 Qe7 15.Qc6 Rac8
16.Rad1 Rfe8 17.Nd2 Nf6 18.Nb3 Qe6 19.Rd2 Qg4 20.c5 Qe4 21.Qb5 Red8 22.c6 a6
23.Qa4 Ra8 24.Rfd1 Rdb8 25.Qc4 b5 26.Qb4 Qxc6 27.Na5 Qb6 28.d5 Re8 29.e4 Nxe4
30.Rb2 f5 31.c4 Qc5 32.Qxc5 dxc5 33.f3 Nc3 34.Rc1 Na4 35.Re2 Nb6 36.Rb2 bxc4
37.Nxc4 Nxd5 38.Na5 Rab8 39.Rd2 Rb5 40.Nb3 Nf4 41.Nxc5 e4 42.fxe4 Ra5 43.g3
Nh3+ 44.Kg2 Ng5 45.exf5 Re5 46.Nb3 Rad5 47.Rxd5 Rxd5 48.g4 a5 49.Rc4 h5 50.h3
hxg4 51.hxg4 Rd3 52.Rxc7 a4 53.Nc5 Rd2+ 54.Kg3 Rxa2 55.Kf4 Nh3+ 56.Ke5 Re2+
57.Kd6 Ng5 58.Ne6 Ne4+ 59.Ke7 Rg2 60.Rc4 Rxg4 61.Rxa4 Nf6 62.Ra8+ Kh7 63.Kf7
Nh5 64.Ra2 Kh6 65.Ra6 g6 66.Nf8 Kg5 67.f6 Nxf6 68.Rxf6 Ra4 69.Ne6+ Kh5 70.Rxg6
Ra7+ 71.Kf6 Kh4 72.Rg8 Ra5 73.Nd4 Ra6+ 74.Kf5 Kh5 75.Kf4 Ra4 76.Ke4 Ra6 77.Nf3
Rg6 78.Rh8+ Rh6 79.Rf8 Ra6 80.Kf5 Kh6 81.Rg8 Ra7 82.Rg6+ Kh5 83.Ne5 Ra5 84.Rg1
Kh4 85.Rh1+ Kg3 86.Rb1 Kf2 87.Rb3 Ra4 88.Ng4+ Ke2 89.Nf6 Kd2 90.Ne4+ Kc2 91.
Rc3+ Kb2 92.Rc8 Ra5+ 93.Kf4 Ra4 94.Ke3 Ra7 95.Nf2 Kb3 96.Nd3 Re7+ 97.Kd2 Rh7
98.Rc3+ Ka4 99.Rc4+ Kb5 100.Kc3 Rh3 101.Rc5+ 1/2-1/2

[Event "Cto Equipos Aragon 2012 Div. Honor B "]
[Site "Aragon"]
[Date "2012.02.25"]
[Round "4.32"]
[White "Lopez Caudevilla David"]
[Black "Escuer Sanchez Nestor"]
[Result "1-0"]
[WhiteElo "1909"]
[BlackElo "2099"]

1.e4 Nf6 2.Nc3 d5 3.exd5 Nxd5 4.Nxd5 Qxd5 5.Qf3 Qc5 6.c3 e5 7.d3 Nc6 8.Qe3 Be6
9.Nf3 O-O-O 10.Ng5 Qe7 11.Nxe6 Qxe6 12.Be2 Kb8 13.O-O Ne7 14.Bf3 Nd5 15.Qe2 f5
16.a3 Re8 17.Re1 Nf6 18.g3 h6 19.b4 g5 20.c4 g4 21.Bg2 Bg7 22.d4 e4 23.d5 Qf7
24.Bb2 Nd7 25.Bxg7 Qxg7 26.c5 Ne5 27.c6 Nd3 28.Red1 Qd4 29.cxb7 Rd8 30.Qc2
Rxd5 31.Bf1 Rhd8 32.Rac1 Qb6 33.Bxd3 Rxd3 34.Rxd3 Rxd3 35.a4 Qxb7 36.a5 Rd7
37.Qa4 Qd5 38.Rc5 Qd1+ 39.Qxd1 Rxd1+ 40.Kg2 a6 41.b5 Rd2 42.Kf1 e3 43.fxe3
Rxh2 44.bxa6 Ka7 45.Rxc7+ Kxa6 46.Rc5 Ra2 47.Rxf5 Rxa5 48.Rxa5+ Kxa5 49.e4 Kb5
50.Ke2 Kc5 51.Ke3 Kd6 52.Kf4 h5 53.Kg5 Ke5 54.Kxh5 Kxe4 55.Kxg4 Ke5 56.Kg5 Ke6
57.Kg6 Ke7 58.g4 Kf8 59.Kh7 1-0

[Event "Cto Equipos Aragon 2012 Preferente A"]
[Site "Aragon"]
[Date "2012.02.25"]
[Round "4.33"]
[White "Lana Rodriguez David"]
[Black "Ferreruela Romero Jose Joaquin"]
[Result "1/2-1/2"]
[WhiteElo "2243"]
[BlackElo "2020"]

1.e4 c6 2.d4 d5 3.Nc3 dxe4 4.Nxe4 Nd7 5.Ng5 Ngf6 6.Bc4 e6 7.N1f3 h6 8.Nh3 Bd6
9.O-O Qc7 10.Re1 g5 11.Ne5 Nxe5 12.dxe5 Bxe5 13.f4 gxf4 14.Qf3 b5 15.Bb3 Bb7
16.Rxe5 Qxe5 17.Bxf4 Qe4 18.Qf2 c5 19.Re1 Qxg2+ 20.Qxg2 Bxg2 21.Kxg2 c4 22.Be5
Ke7 23.Nf4 Rhg8+ 24.Kf3 Rad8 25.Ne2 cxb3 26.axb3 Rc8 27.c3 Nd7 28.Bf4 Nc5 29.
Ra1 a6 30.Bxh6 e5 31.b4 Rc6 32.bxc5 Rxh6 33.Ng3 Rc6 34.b4 Ke6 35.h4 f5 36.h5
e4+ 37.Kf2 Ke5 38.Ne2 Rh6 39.Nd4 f4 40.c6 Rxh5 41.Rf1 Rh2+ 42.Ke1 Rgg2 43.c7
Rb2 44.Rf2 Rb1+ 45.Ke2 f3+ 46.Ke3 Re1+ 47.Kd2 e3+ 48.Kxe1 exf2+ 49.Kf1 Rh8 50.
Kxf2 Ke4 51.Nb3 Rh2+ 52.Kg1 Rh8 53.Kf2 Rh2+ 54.Kg1 Rg2+ 55.Kf1 Rg8 56.Kf2 Rg2+
57.Kf1 Rg8 1/2-1/2

[Event "Cto Equipos Aragon 2012 Preferente A"]
[Site "Aragon"]
[Date "2012.02.25"]
[Round "4.34"]
[White "Sanmiguel Mateo Luis"]
[Black "Aparicio Navarro Pedro"]
[Result "0-1"]
[WhiteElo "1958"]
[BlackElo "2181"]

1.e4 c5 2.Nf3 e6 3.d4 cxd4 4.Nxd4 a6 5.g3 Qc7 6.Bg2 Nc6 7.c3 Nf6 8.O-O Be7 9.
f4 d6 10.Kh1 O-O 11.Be3 Bd7 12.Nd2 Rac8 13.Rc1 Rfd8 14.Qe2 Nxd4 15.Bxd4 e5 16.
Be3 b5 17.f5 Bc6 18.g4 d5 19.g5 Nxe4 20.Nxe4 dxe4 21.f6 Bf8 22.fxg7 Bxg7 23.
Bh3 Bd7 24.Bg2 Qc6 25.Bg1 Qg6 26.Bxe4 Bc6 27.Bxc6 Rxc6 28.Be3 Rd3 29.Rce1 Rc4
30.Qf3 Re4 31.Qf2 Bf8 32.Bc5 Rxe1 33.Rxe1 Qc6+ 0-1

[Event "Cto Equipos Aragon 2012 Preferente A"]
[Site "Aragon"]
[Date "2012.02.25"]
[Round "4.35"]
[White "Navarro Alonso Jorge"]
[Black "Belmonte Barragan Avelino"]
[Result "1-0"]
[WhiteElo "2154"]
[BlackElo "1799"]

1.e4 d5 2.exd5 Qxd5 3.Nc3 Qd8 4.d4 c6 5.Bc4 Bf5 6.Nge2 e6 7.O-O Nd7 8.Ng3 Bg6
9.f4 Nb6 10.Bb3 Ne7 11.a4 a5 12.Qe2 Qxd4+ 13.Be3 Qd8 14.f5 Bxf5 15.Nxf5 Nbd5
16.Nxd5 Nxd5 17.Bd4 Nf6 18.Bxe6 Be7 19.Rad1 1-0

[Event "Cto Equipos Aragon 2012 Preferente A"]
[Site "Aragon"]
[Date "2012.02.25"]
[Round "4.36"]
[White "Esteban Marin Francisco"]
[Black "Cerrajeria Ruiz Jesus Maria"]
[Result "0-1"]
[WhiteElo "1635"]
[BlackElo "2141"]

1.e4 c5 2.Nf3 Nc6 3.c4 g6 4.Nc3 Bg7 5.d3 d6 6.Be2 Bg4 7.h3 Bxf3 8.Bxf3 e6 9.
O-O Nge7 10.g4 Nd4 11.Bg2 h5 12.g5 Nec6 13.h4 O-O 14.f4 f6 15.f5 Kh7 16.a3 Ne5
17.fxg6+ Kxg6 18.Ne2 fxg5 19.Bxg5 Rxf1+ 20.Qxf1 Nxe2+ 21.Qxe2 Bf6 22.Qe3 Ng4
23.Qd2 Bxg5 24.hxg5 Qxg5 25.Qxg5+ Kxg5 26.b4 Rg8 0-1

[Event "Cto Equipos Aragon 2012 Preferente A"]
[Site "Aragon"]
[Date "2012.02.25"]
[Round "4.37"]
[White "Antonano Fedz-Quincoces Avelin"]
[Black "Malo Guillen Jose Luis"]
[Result "0-1"]
[WhiteElo "2127"]
[BlackElo "2189"]

1.e4 d6 2.d4 Nf6 3.Nc3 g6 4.Bc4 Bg7 5.Qe2 Nc6 6.Be3 O-O 7.O-O-O Ng4 8.Nf3 Nxe3
9.fxe3 a6 10.Ng5 e6 11.h4 b5 12.Bb3 Na5 13.Nf3 b4 14.Na4 Nxb3+ 15.axb3 Bd7 16.
h5 g5 17.h6 Bf6 18.Qe1 Rb8 19.Rh5 Kh8 20.c4 Rg8 21.Kc2 Rg6 22.e5 Be7 23.g4 Qe8
24.Ra1 Bc6 25.Qg3 f6 26.exf6 Bxf6 27.Nd2 Qf8 28.Rf1 Rxh6 29.Rxg5 Bxg5 30.Rxf8+
Rxf8 31.d5 Bh4 0-1

[Event "Cto Equipos Aragon 2012 Preferente A"]
[Site "Aragon"]
[Date "2012.02.25"]
[Round "4.38"]
[White "Alonso Blasco Jose Miguel"]
[Black "Cebollada Pacheco Jesus Raul"]
[Result "1/2-1/2"]
[WhiteElo "2119"]
[BlackElo "2028"]

1.e4 e5 2.Nf3 Nc6 3.Bb5 a6 4.Bxc6 dxc6 5.O-O f6 6.d4 exd4 7.Nxd4 c5 8.Nb3 Qxd1
9.Rxd1 Bg4 10.f3 Be6 11.Be3 b6 12.a4 Ne7 13.Bf4 c4 14.Nd4 O-O-O 15.Nc3 Rxd4
16.Rxd4 Ng6 17.Be3 Bc5 18.Ne2 Re8 19.Kf2 Bxd4 20.Nxd4 Bd7 21.g4 Ne5 22.h4 Kb7
23.Ne2 Nc6 24.Bd2 a5 25.Nc3 Nb4 26.Rc1 Bc6 27.Bf4 Rd8 28.g5 Rf8 29.gxf6 Rxf6
30.Bg5 Rf7 31.Be3 Bd7 32.Kg3 Rf6 33.Bg5 Rf7 34.Bd2 Na6 35.Be3 Nb4 36.Bd2 Na6
37.Be3 Nb4 1/2-1/2

[Event "Cto Equipos Aragon 2012 Preferente A"]
[Site "Aragon"]
[Date "2012.02.25"]
[Round "4.39"]
[White "Najera De Miguel Pedro Jesus"]
[Black "Javierre Conesa Alfonso"]
[Result "1-0"]
[WhiteElo "1988"]
[BlackElo "2045"]

1.c4 c6 2.g3 d5 3.Bg2 Nf6 4.Nf3 Bf5 5.O-O e6 6.Qb3 Qb6 7.Nc3 h6 8.d3 Be7 9.
Qxb6 axb6 10.b3 Nbd7 11.Bb2 O-O 12.Nd4 Bg6 13.a3 Rfd8 14.Rfd1 Ne8 15.Nf3 Bf6
16.Na4 Bxb2 17.Nxb2 Nd6 18.b4 b5 19.c5 Ne8 20.Nh4 Bh7 21.f4 Nef6 22.h3 Ra7 23.
Ra2 Rda8 24.Rda1 Re8 25.a4 bxa4 26.Rxa4 Rxa4 27.Rxa4 Rb8 28.d4 Be4 29.Nf3 Kh7
30.b5 Kg8 31.Kf2 Bc2 32.Rb4 Rc8 33.Ne5 Nxe5 34.fxe5 Nd7 35.bxc6 bxc6 36.Rb7
Rb8 37.Rxb8+ Nxb8 38.Ke3 Kf8 39.Kd2 Bb3 40.e3 f6 41.exf6 gxf6 42.Bf1 e5 43.Bd3
exd4 44.exd4 Ke7 45.Kc3 Ba2 46.Kb4 Nd7 47.Ka3 Bc4 48.Nxc4 dxc4 49.Bxc4 f5 50.
Kb4 Nf6 51.Ka5 Ne4 52.Kb6 Kd7 53.d5 cxd5 54.Bxd5 Ke7 55.c6 Nd6 56.Kc7 h5 57.h4
Nb5+ 58.Kb6 Nd6 59.Bf3 Ne4 60.Bxh5 Nxg3 61.c7 1-0

[Event "Cto Equipos Aragon 2012 Preferente A"]
[Site "Aragon"]
[Date "2012.02.25"]
[Round "4.40"]
[White "Mombiela De Sus Jose Luis"]
[Black "Solanas Godes Beatriz"]
[Result "1-0"]
[WhiteElo "2034"]
[BlackElo "1881"]

1.Nf3 Nc6 2.d4 d5 3.Bf4 e6 4.Nbd2 Bd6 5.Bg3 Nge7 6.e3 Nf5 7.c4 Nxg3 8.hxg3
dxc4 9.Bxc4 Na5 10.Be2 Bd7 11.a3 b5 12.Qc2 h6 13.Ne4 Nb7 14.g4 Rc8 15.Nc5 Bxc5
16.dxc5 Bc6 17.g5 Qe7 18.gxh6 gxh6 19.Ne5 Bd5 20.b4 Qf6 21.f4 Nd8 22.O-O Rg8
23.e4 Qg7 24.Bxb5+ c6 25.Ba6 Bb3 26.Qd2 Rc7 27.Rf2 f6 28.Nc4 Bxc4 29.Bxc4 Rd7
30.Qa2 Qg4 31.Qc2 h5 32.f5 h4 33.fxe6 Nxe6 34.Qe2 Qxe2 35.Rxe2 Nf4 36.Bxg8
Nxe2+ 37.Kf2 Nf4 38.Rh1 Rg7 39.Rxh4 Nd3+ 40.Ke3 Rxg2 41.Kxd3 Rxg8 42.Rh6 Ke7
43.Rh7+ Ke6 44.Rxa7 Rg3+ 45.Kd4 Rb3 46.Kc4 Re3 47.Kd4 Rb3 48.Ra6 Kd7 49.e5
fxe5+ 50.Kxe5 Kc7 51.Kd4 Kb7 52.Rb6+ Kc7 53.Ra6 Kb7 54.Ra5 Rb1 55.Kc4 Rc1+ 56.
Kb3 Rb1+ 57.Ka2 Rc1 58.Kb3 Rb1+ 59.Ka4 Rc1 60.Kb3 Rb1+ 61.Kc2 Ra1 62.a4 Ra3
63.Kb2 Re3 64.b5 1-0

[Event "Cto Equipos Aragon 2012 Preferente A"]
[Site "Aragon"]
[Date "2012.02.25"]
[Round "4.41"]
[White "Pes Mateo Angel"]
[Black "Sierra Aguerri Joaquin"]
[Result "1-0"]
[WhiteElo "2069"]
[BlackElo "2086"]

1.d4 f5 2.g3 Nf6 3.Bg2 e6 4.Nh3 c6 5.Nd2 d5 6.Nf3 Bd6 7.Bf4 O-O 8.O-O h6 9.
Bxd6 Qxd6 10.Nf4 Kh7 11.Ne5 g5 12.Nfd3 b6 13.f3 Ba6 14.Re1 Nbd7 15.c3 c5 16.
Qa4 Bb7 17.Qa3 a5 18.Rad1 Qc7 19.Nxd7 Nxd7 20.e4 dxe4 21.fxe4 f4 22.dxc5 f3
23.c6 Bxc6 24.Bh3 Nc5 25.Nf2 h5 26.c4 g4 27.Bf1 e5 28.Qe3 Qe7 29.a3 a4 30.Bd3
Rad8 31.Bc2 Rxd1 32.Rxd1 Rd8 33.Nd3 Bxe4 34.Nxc5 Bxc2 35.Rxd8 Qxd8 36.Ne4 Qd1+
37.Kf2 Qh1 38.Nf6+ Kg6 39.Nd5 Qxh2+ 40.Ke1 Qxg3+ 41.Kd2 Qg2+ 42.Kc3 Kf5 43.
Qxb6 Ke4 44.Qe3+ Kf5 45.Qb6 Ke4 46.Qg6# 1-0

[Event "Cto Equipos Aragon 2012 Preferente A"]
[Site "Aragon"]
[Date "2012.02.25"]
[Round "4.42"]
[White "Vera Jimenez Andres"]
[Black "Andres Terrado Miguel Angel"]
[Result "0-1"]
[WhiteElo "2005"]
[BlackElo "2069"]

1.d4 Nf6 2.Bg5 Ne4 3.Bh4 g5 4.f3 gxh4 5.fxe4 d5 6.exd5 Qxd5 7.Nc3 Qd6 8.Nf3
Bg4 9.Qd3 Nd7 10.O-O-O O-O-O 11.Kb1 Qg6 12.Nxh4 Qxd3 13.Rxd3 c5 14.dxc5 Nxc5
15.Rxd8+ Kxd8 16.h3 Be6 17.e4 Bg7 18.Bd3 Bxc3 19.bxc3 h5 20.Kc1 Rg8 21.Kd2 Rg3
22.Re1 Bxa2 23.Ra1 Rxd3+ 24.cxd3 Nb3+ 25.Kc2 Nxa1+ 26.Kb2 Nb3 27.d4 Nd2 28.
Kxa2 Nxe4 29.Kb3 Kd7 30.Nf3 f6 31.Kc4 Nd6+ 32.Kd3 b5 33.Nd2 a5 34.Nb3 a4 35.
Nc5+ Kc6 36.g4 hxg4 37.hxg4 Nf7 38.Ke4 Nh6 39.Kf4 Kd5 40.g5 fxg5+ 41.Kxg5 Nf7+
42.Kf4 Kc4 43.Ke3 a3 44.Kd2 a2 0-1

[Event "Cto Equipos Aragon 2012 Preferente A"]
[Site "Aragon"]
[Date "2012.02.25"]
[Round "4.43"]
[White "Dominguez Luzon Fernando"]
[Black "Sancho Casale Jesus"]
[Result "1-0"]
[WhiteElo "2004"]
[BlackElo "1912"]

1.d4 d5 2.Nf3 c5 3.dxc5 Nc6 4.Bf4 Bf5 5.c3 a5 6.Qb3 Qd7 7.Na3 a4 8.Qb6 f6 9.
Nb5 Kf7 10.Qc7 e5 11.Qxd7+ Bxd7 12.Be3 Ra5 13.Nc7 Bxc5 14.Nxd5 Ba3 15.O-O-O
Be6 16.Nc7 Bc5 17.Bxc5 Rxc5 18.Nxe6 Kxe6 19.e4 a3 20.Nd2 axb2+ 21.Kxb2 Na5 22.
Nb3 Nc4+ 23.Bxc4+ Rxc4 24.Rd8 Rxe4 25.Nc5+ Ke7 26.Rhd1 Re2+ 27.Kb3 Kf7 28.
R1d7+ Kg6 29.Rxb7 Rxf2 30.a4 Rf5 31.a5 e4 32.Kc4 e3 33.Rb1 Re5 34.a6 Re7 35.
Nb7 Nh6 36.Rxh8 Nf5 37.Rd8 e2 38.Re1 Re4+ 39.Kb3 1-0

[Event "Cto Equipos Aragon 2012 Preferente A"]
[Site "Aragon"]
[Date "2012.02.25"]
[Round "4.44"]
[White "Muro Turon Raul"]
[Black "Fleta Marin Sergio"]
[Result "1-0"]
[WhiteElo "1832"]
[BlackElo "1669"]

1.e4 d5 2.exd5 Nf6 3.d4 Qxd5 4.Nf3 Bg4 5.Be2 e6 6.O-O Nc6 7.c4 Qd7 8.Nc3 Bf5
9.Be3 O-O-O 10.Qa4 Ng4 11.Rfd1 Nxe3 12.fxe3 a6 13.a3 Be7 14.b4 Nb8 15.b5 g5
16.Ne5 Qe8 17.c5 f6 18.Nc4 e5 19.c6 b6 20.bxa6 Nxc6 21.a7 Kb7 22.Nxe5 fxe5 23.
Ba6+ Ka8 24.Nb5 Bd6 25.Nxd6 Rxd6 26.Bb5 Bd7 27.Rac1 Qe6 28.d5 Rxd5 29.Rxd5
Qxd5 30.Rd1 Qe6 31.Rxd7 Kb7 32.Qa6+ Ka8 33.Rxc7 Nd8 34.Rc8+ Qxc8 35.Qxc8+ Kxa7
36.Qa6+ Kb8 37.Qxb6+ Nb7 38.Bc6 1-0